LEADER 01056nam0 2200313 450 001 000019905 005 20081125133110.0 010 $a038797878X 010 $a354097878X 100 $a20081125d1993----km-y0itay50------ba 101 1 $aeng$cger 102 $aUS 105 $ay-------001yy 200 1 $aIntroduction to numerical analysis$fJ. Stoer, R. Bulirsch$gtranslated by R. Bartels, W. Gautschi, and C. Witzgall 205 $a2nd ed 210 $aNew York$cSpringer$dc1993 215 $aXIII, 660 p.$d24 cm 225 2 $aTexts in applied mathematics$v12 410 0$12001$aTexts in applied mathematics 500 10$aEinfuhrung in die numerische Mathematik$m$927525 610 1 $aCalcolo numerico 676 $a519.4$v20$9Analisi numerica applicata 700 1$aStoer,$bJosef$012949 701 1$aBulirsch,$bRoland$020431 801 0$aIT$bUNIPARTHENOPE$c20081125$gRICA$2UNIMARC 912 $a000019905 951 $aM 519.4/62$bM 1129$cDSA$d2008 996 $aEinfu?hrung in die numerische Mathematik$927525 997 $aUNIPARTHENOPE